|
|
|
|
| LEADER |
00745nab a2200217 i 4500 |
| 001 |
acta24311 |
| 005 |
20210601115223.0 |
| 008 |
161017s1985 hu o 0|| eng d |
| 022 |
|
|
|a 0001-6721
|
| 040 |
|
|
|a SZTE Egyetemi Kiadványok Repozitórium
|b hun
|
| 041 |
|
|
|a eng
|
| 100 |
1 |
|
|a Olazar M.
|
| 245 |
1 |
0 |
|a Polymerization of benzyl alcohol in gaseous phase on a Y zeolite
|h [elektronikus dokumentum] /
|c Olazar M.
|
| 260 |
|
|
|c 1985
|
| 300 |
|
|
|a 599-608
|
| 490 |
0 |
|
|a Acta physica et chemica
|v 31 No. 1-2
|
| 695 |
|
|
|a Természettudomány, Kémia, Fizika
|
| 700 |
0 |
1 |
|a Arandes J. M.
|e aut
|
| 700 |
0 |
1 |
|a Bilbao J.
|e aut
|
| 700 |
0 |
1 |
|a Romero A.
|e aut
|
| 856 |
4 |
0 |
|u http://acta.bibl.u-szeged.hu/24311/1/phys_chem_031_fasc_001_002_599-608.pdf
|z Dokumentum-elérés
|